000
00304nam a2200121Ia 4500
005
20251222152554.0
008
251222s9999||||xx |||||||||||||| ||spa||
082
_a
658.01/F31/Ej.2
100
_a
Fayol, Henry
245
0
_a
Administración Industrial y General
264
_b
Univesitaria S.A
942
_c
LIB
999
_c
26352
_d
26352